[Event "II Liga CS - Istok"]
[Site "Golubac"]
[Date "2008.09.21"]
[Round "2.2"]
[White "Tosic, Branislav"]
[Black "Rajkovic, Branislav"]
[Result "1-0"]
[WhiteElo "2194"]
[BlackElo "2212"]
[PlyCount "85"]
[EventDate "2008.09.14"]

1. Nf3 d5 2. d4 Nf6 3. c4 e6 4. g3 c6 5. Bg2 Bd6 6. Nc3 Nbd7 7. Nd2 O-O 8. O-O
Re8 9. e4 dxe4 10. Ndxe4 Bf8 11. Be3 Nxe4 12. Bxe4 Nf6 13. Bg2 Bd7 14. h3 b6
15. g4 h6 16. f4 Nh7 17. Qf3 Qc7 18. g5 g6 19. h4 h5 20. Rad1 Rad8 21. Bh3 Bg7
22. Rd2 Bc8 23. Bg2 c5 24. Qc6 Qe7 25. Rfd1 Rd7 26. dxc5 Rc7 27. Qxe8+ Qxe8 28.
Rd8 Kf8 29. Rxe8+ Kxe8 30. Nb5 Rxc5 31. Bxc5 bxc5 32. Nd6+ Kd7 33. Nf5+ Bd4+
34. Nxd4 cxd4 35. Rxd4+ Kc7 36. Kf2 Nf8 37. Ke3 Nd7 38. Rxd7+ Kxd7 39. Kd4 Ba6
40. b4 Ke7 41. b5 Bc8 42. Ke5 Bd7 43. a4 1-0

[Event "II Liga CS - Istok"]
[Site "Golubac"]
[Date "2008.09.21"]
[Round "2.2"]
[White "Stojanovic, Jovica M"]
[Black "Stojanovic, Dusan"]
[Result "0-1"]
[WhiteElo "1934"]
[BlackElo "2169"]
[PlyCount "89"]
[EventDate "2008.09.14"]

1. e4 e6 2. d3 d5 3. Nd2 Nf6 4. Ngf3 c5 5. g3 Nc6 6. Bg2 Be7 7. O-O O-O 8. Re1
dxe4 9. dxe4 b6 10. e5 Ne8 11. c3 Bb7 12. Qc2 h6 13. h4 Qc7 14. Nf1 Rd8 15. Bf4
Qc8 16. N1h2 Qa8 17. Qc1 h5 18. Bg5 Rd7 19. Bh3 Qd8 20. Qf4 Bxg5 21. hxg5 Ne7
22. Nh4 Rd2 23. Nf1 Rxb2 24. Qc1 Rb5 25. a4 Ra5 26. Rd1 Qc8 27. Ne3 c4 28. f4
g6 29. Rd4 Nd5 30. Nxc4 Rc5 31. Bf1 Ba6 32. Nd6 Nxd6 33. Bxa6 Qxa6 34. exd6
Rxc3 35. Qe1 Re3 36. Qf2 Re2 37. Qf3 Re3 38. Qf2 Qe2 39. Qxe2 Rxe2 40. Rc1 Rd8
41. Rc7 Rxd6 42. Rxa7 Rc6 43. Rd1 Rc3 44. Kf1 Rh2 45. Ng2 0-1

[Event "II Liga CS - Istok"]
[Site "Golubac"]
[Date "2008.09.21"]
[Round "2.3"]
[White "Govedarica, Radovan"]
[Black "Garic, Radomir"]
[Result "1-0"]
[WhiteElo "2399"]
[BlackElo "2251"]
[PlyCount "61"]
[EventDate "2008.09.14"]

1. e4 c5 2. Nf3 Nc6 3. Bb5 g6 4. Bxc6 dxc6 5. h3 Bg7 6. d3 Nf6 7. Nc3 Nd7 8.
Be3 e5 9. Qd2 Qe7 10. Bh6 f6 11. Bxg7 Qxg7 12. Nh2 Nf8 13. f4 exf4 14. Qxf4 Ne6
15. Qf2 Nd4 16. Nf3 f5 17. O-O-O O-O 18. Qh4 Nxf3 19. gxf3 Be6 20. Kb1 b5 21.
Qg3 Rad8 22. h4 c4 23. dxc4 b4 24. exf5 gxf5 25. Qe1 Qf6 26. Rxd8 Rxd8 27. Na4
Bxc4 28. Qxb4 Qxh4 29. Rg1+ Kh8 30. Qc3+ Qd4 31. Rd1 1-0

[Event "II Liga CS - Istok"]
[Site "Golubac"]
[Date "2008.09.21"]
[Round "2.3"]
[White "Lapcevic, Milos"]
[Black "Marinkovic, Velibor"]
[Result "1-0"]
[WhiteElo "2342"]
[BlackElo "2139"]
[PlyCount "71"]
[EventDate "2008.09.14"]

1. d4 Nf6 2. c4 g6 3. Nc3 Bg7 4. e4 d6 5. f3 O-O 6. Bg5 h6 7. Be3 Nc6 8. Nge2
e5 9. d5 Ne7 10. Qd2 Kh7 11. g4 Ne8 12. Ng3 c6 13. Bd3 Bd7 14. h4 Qc8 15. Rc1
c5 16. a3 a6 17. b4 b6 18. Rb1 Rb8 19. O-O Rg8 20. Rf2 Bf8 21. g5 h5 22. f4 f6
23. gxf6 Nxf6 24. fxe5 Ng4 25. Rf7+ Rg7 26. Rbf1 Rxf7 27. Rxf7+ Kg8 28. e6 Be8
29. Rxf8+ Kxf8 30. Bg5 Qc7 31. Qf4+ Kg8 32. Be2 Ne5 33. Qf6 Nc8 34. e7 Qd7 35.
Qf8+ Kh7 36. Bf6 1-0

[Event "II Liga CS - Istok"]
[Site "Golubac"]
[Date "2008.09.21"]
[Round "2.3"]
[White "Stevic, Zarko"]
[Black "Djokic, Nebojsa"]
[Result "0-1"]
[WhiteElo "2290"]
[BlackElo "2220"]
[PlyCount "68"]
[EventDate "2008.09.14"]

1. e4 c5 2. Nf3 Nc6 3. d4 cxd4 4. Nxd4 g6 5. Be3 Bg7 6. Nc3 Nf6 7. Be2 O-O 8.
Qd2 d5 9. exd5 Nxd5 10. Nxd5 Qxd5 11. c4 Qe5 12. Nxc6 bxc6 13. O-O Bf5 14. b3
Rfd8 15. Qb4 a5 16. Qb6 a4 17. Rad1 Rdc8 18. bxa4 Bc2 19. Rd2 Bxa4 20. Bd1 Rcb8
21. Qc5 Ra5 22. Qxe5 Bxe5 23. g3 Kg7 24. Rd7 e6 25. f4 Bf6 26. Rc7 Bd8 27. Bd4+
Kg8 28. Rd7 Bb6 29. c5 Rd8 30. Rxd8+ Bxd8 31. Bb3 Be7 32. Rb1 Rb5 33. Kg2 Bxc5
34. Be5 Bxb3 0-1

[Event "II Liga CS - Istok"]
[Site "Golubac"]
[Date "2008.09.21"]
[Round "2.3"]
[White "Madjar, Stanislav"]
[Black "Lazic, Milan"]
[Result "1/2-1/2"]
[WhiteElo "2205"]
[BlackElo "2094"]
[PlyCount "99"]
[EventDate "2008.09.14"]

1. c4 Nf6 2. Nc3 g6 3. g3 Bg7 4. Bg2 O-O 5. Nf3 c6 6. O-O d5 7. cxd5 cxd5 8. d4
Nc6 9. Ne5 e6 10. Nxc6 bxc6 11. b3 Qa5 12. Na4 Nd7 13. Ba3 Re8 14. Rc1 Bb7 15.
Bc5 Ba6 16. a3 Bb5 17. Bb4 Qa6 18. Nc3 Qb6 19. Nxb5 cxb5 20. e3 a5 21. Bc5 Nxc5
22. dxc5 Qc7 23. e4 dxe4 24. Bxe4 Rad8 25. Qe2 b4 26. axb4 axb4 27. c6 Bd4 28.
Rfd1 e5 29. Kg2 Kg7 30. Bd3 Rd6 31. Bb5 Rf6 32. Rf1 Qb6 33. Ba4 Rc8 34. Rc4 h5
35. Qd2 Bc3 36. Qe3 Qxe3 37. fxe3 Rxf1 38. Kxf1 Rc7 39. Rc5 Kf6 40. Rd5 Ke6 41.
Rd8 e4 42. Kg2 Be5 43. Bb5 Kf5 44. Kf2 Ra7 45. Rd2 h4 46. Kg2 hxg3 47. hxg3 Kg4
48. Be2+ Kg5 49. Rc2 Rc7 50. Bb5 1/2-1/2

[Event "II Liga CS - Istok"]
[Site "Golubac"]
[Date "2008.09.21"]
[Round "2.4"]
[White "Kraguljac, Pero"]
[Black "Denovic, Branislav"]
[Result "1-0"]
[WhiteElo "2207"]
[BlackElo "2135"]
[PlyCount "113"]
[EventDate "2008.09.14"]

1. e4 e5 2. Nf3 Nc6 3. d3 Nf6 4. g3 Bc5 5. Bg2 O-O 6. O-O d6 7. c3 Bg4 8. Qb3
Bb6 9. h3 Be6 10. Qc2 Qd7 11. Ng5 h6 12. Nxe6 fxe6 13. Qe2 Rae8 14. Na3 a6 15.
Nc4 Ba7 16. Ne3 Qf7 17. Nd1 d5 18. b3 Qg6 19. Kh2 Kh8 20. a4 d4 21. Ba3 Rf7 22.
c4 a5 23. Qe1 Nh5 24. Ra2 Qf6 25. Rb2 g5 26. Qe2 Qg6 27. Kg1 Nb4 28. Bxb4 axb4
29. a5 Rg7 30. a6 b6 31. c5 Ra8 32. Rc2 Qf7 33. Qf3 Nf4 34. Kh2 g4 35. hxg4
Rxg4 36. Rh1 Qg6 37. Kg1 bxc5 38. Nb2 Kh7 39. Nc4 Rg5 40. Nxe5 Nh3+ 41. Rxh3
Rxe5 42. Qf4 Qg5 43. Kh2 Qg7 44. Qh4 Rg5 45. e5 Rxe5 46. Be4+ Kh8 47. Qxh6+
Qxh6 48. Rxh6+ Kg7 49. Rh7+ Kf6 50. f4 Rxe4 51. dxe4 Bb6 52. Kg2 Re8 53. Ra2 d3
54. Kf3 c4 55. bxc4 b3 56. e5+ Kf5 57. Rah2 1-0

[Event "II Liga CS - Istok"]
[Site "Golubac"]
[Date "2008.09.21"]
[Round "2.4"]
[White "Popovic, Slobodan"]
[Black "Milovanovic, Srboljub"]
[Result "1/2-1/2"]
[WhiteElo "2137"]
[BlackElo "2229"]
[PlyCount "79"]
[EventDate "2008.09.14"]

1. c4 Nf6 2. Nc3 c6 3. e4 d5 4. e5 Nfd7 5. f4 e6 6. Nf3 dxc4 7. Bxc4 b5 8. Be2
b4 9. Na4 Ba6 10. d4 g6 11. Be3 Bxe2 12. Qxe2 Qa5 13. b3 Nb6 14. Nxb6 axb6 15.
O-O Qd5 16. Rfd1 Be7 17. Rac1 O-O 18. Rc2 Ra7 19. Rdc1 Rc8 20. Qf2 Nd7 21. Nd2
c5 22. Nf3 Rca8 23. h3 cxd4 24. Rc8+ Nf8 25. Nxd4 Rxa2 26. Qf3 Qxf3 27. Nxf3
Rxc8 28. Rxc8 Ra7 29. Bxb6 Rb7 30. Bf2 Kg7 31. Nd4 Nd7 32. Nc6 Bf8 33. Nd8 Rb8
34. Rxb8 Nxb8 35. Ba7 Nd7 36. Nc6 Bc5+ 37. Bxc5 Nxc5 38. Nxb4 Nxb3 39. Nc6 Nc5
40. Kf2 1/2-1/2

[Event "II Liga CS - Istok"]
[Site "Golubac"]
[Date "2008.09.21"]
[Round "2.4"]
[White "Petrovic, Dragan"]
[Black "Djuric, Ranko"]
[Result "1-0"]
[WhiteElo "2189"]
[BlackElo "2148"]
[PlyCount "135"]
[EventDate "2008.09.14"]

1. d4 Nf6 2. Nf3 g6 3. c4 Bg7 4. Nc3 O-O 5. e4 d6 6. Be2 e5 7. O-O exd4 8. Nxd4
Re8 9. f3 Nbd7 10. Be3 Ne5 11. Qd2 Bd7 12. Rfd1 a6 13. a4 a5 14. Ndb5 b6 15.
Rac1 Bxb5 16. cxb5 Ned7 17. Bc4 Nc5 18. Ba2 Qe7 19. Bd4 Rac8 20. Qf2 Nfd7 21.
Nd5 Qf8 22. Qh4 Bxd4+ 23. Rxd4 Qg7 24. Rcd1 Kf8 25. b4 axb4 26. Rxb4 h6 27. Qf4
g5 28. Qf5 Qe5 29. Ne3 Qxf5 30. Nxf5 h5 31. Bd5 Ne5 32. Ra1 Ned3 33. Rbb1 Nf4
34. Bc6 Re5 35. a5 bxa5 36. Rxa5 f6 37. Rba1 Nb3 38. Ra8 Rxa8 39. Rxa8+ Kf7 40.
Rc8 Rc5 41. Rxc7+ Kf8 42. h3 Ne6 43. Rc8+ Kf7 44. b6 Na5 45. Be8+ Kf8 46. Bd7+
Rxc8 47. Bxc8 Nc5 48. Nxd6 Ke7 49. b7 Nc6 50. Nf5+ Kf8 51. Nd4 Nb8 52. Ne6+
Nxe6 53. Bxe6 Ke7 54. Bd5 Nd7 55. Kf2 Nb8 56. Ke3 h4 57. f4 Nd7 58. Kf3 gxf4
59. Kxf4 Kd6 60. Kf5 Ke7 61. Be6 Nb8 62. Bc8 Kf7 63. e5 fxe5 64. Kxe5 Ke7 65.
Kd5 Kd8 66. Kd6 Nd7 67. g4 hxg3 68. Bxd7 1-0

[Event "II Liga CS - Istok"]
[Site "Golubac"]
[Date "2008.09.21"]
[Round "2.4"]
[White "Rolj, Petar"]
[Black "Zivkovic, Nemanja"]
[Result "1/2-1/2"]
[WhiteElo "2061"]
[BlackElo "2072"]
[PlyCount "81"]
[EventDate "2008.09.14"]

1. e4 c5 2. Nf3 e6 3. d4 cxd4 4. Nxd4 a6 5. Nc3 Qc7 6. a3 Nf6 7. Be3 b5 8. Bd3
Bb7 9. O-O Nc6 10. Kh1 Ne5 11. h3 Nc4 12. Bxc4 Qxc4 13. e5 Nd5 14. Qf3 d6 15.
exd6 Bxd6 16. Nxd5 Qxd5 17. Qxd5 Bxd5 18. c3 f6 19. f4 Kf7 20. Rad1 Rhd8 21. f5
e5 22. Nxb5 Bxg2+ 23. Kxg2 axb5 24. Bb6 Rd7 25. Rd5 Rb8 26. Bc5 Ke7 27. Rfd1
Rbd8 28. Bb6 Bc7 29. Bc5+ Ke8 30. Rxd7 Rxd7 31. Rxd7 Kxd7 32. Kf3 Bd6 33. Bf2
g6 34. Ke4 Kc6 35. Be3 Bc5 36. Bc1 Bf2 37. b3 gxf5+ 38. Kxf5 Kd5 39. Kxf6 e4
40. Kf5 e3 41. Kf4 1/2-1/2

[Event "II Liga CS - Istok"]
[Site "Golubac"]
[Date "2008.09.21"]
[Round "2.4"]
[White "Trickovic, Vladimir"]
[Black "Jovic, Dusan"]
[Result "0-1"]
[WhiteElo "1946"]
[BlackElo "2150"]
[PlyCount "106"]
[EventDate "2008.09.14"]

1. e4 e5 2. Nf3 d6 3. Bc4 Be7 4. O-O Nf6 5. Re1 O-O 6. h3 c6 7. Bb3 Qc7 8. c3
d5 9. d3 dxe4 10. dxe4 Nbd7 11. Nbd2 Nc5 12. Bc2 b5 13. b4 Ne6 14. Nb3 Rd8 15.
Qe2 Nh5 16. g3 Nf6 17. Be3 Nd7 18. Na5 Nb6 19. Red1 Bd7 20. Rac1 h6 21. h4 Rac8
22. Nh2 c5 23. a3 a6 24. Bb3 c4 25. Bc2 Bc6 26. Qg4 Nd7 27. Qf5 g6 28. Qf3 h5
29. g4 hxg4 30. Nxg4 f5 31. Nh6+ Kg7 32. Qh3 Nf4 33. Bxf4 exf4 34. Nxf5+ gxf5
35. Qxf5 Qe5 36. Qg4+ Kh6 37. Nxc6 Rxc6 38. h5 Qxh5 39. Qxf4+ Qg5+ 40. Qxg5+
Bxg5 41. Ra1 Ne5 42. Rxd8 Bxd8 43. f4 Ng4 44. e5 Kh5 45. Bf5 Bb6+ 46. Kh1 Kh4
47. Be4 Nf2+ 48. Kg2 Nxe4 49. Kf3 Nf2 50. a4 bxa4 51. Rxa4 Rg6 52. Rxa6 Nd1 53.
Ke4 Re6 0-1